| 000 | 00567nam a2200217Ia 4500 | ||
|---|---|---|---|
| 003 | OSt | ||
| 005 | 20220926040235.0 | ||
| 006 | a|||||r|||| 00| 0 | ||
| 007 | ta | ||
| 008 | 220923b |||||||| |||| 00| 0 eng d | ||
| 037 | _cGeneral Book | ||
| 040 |
_aRTL _cRTL _beng |
||
| 041 |
_2eng _aeng |
||
| 082 | _aX:991, K3 | ||
| 100 |
_aBakke E Wight _9256686 |
||
| 245 | 0 |
_aPositive labor market policy _b Policy premises for |
|
| 260 | _c1963 | ||
| 650 | _aLabour Market | ||
| 942 |
_hX:991, K3 _cGB _2CC |
||
| 999 |
_c664270 _d664270 |
||